Coupled inductor based bidirectional resonant converter with sine wave modulation in wide voltage range / (Record no. 18935)
[ view plain ]
| 000 -LEADER | |
|---|---|
| fixed length control field | 00906nam a22002177a 4500 |
| 003 - CONTROL NUMBER IDENTIFIER | |
| control field | OSt |
| 005 - DATE AND TIME OF LATEST TRANSACTION | |
| control field | 20250911173349.0 |
| 008 - FIXED-LENGTH DATA ELEMENTS--GENERAL INFORMATION | |
| fixed length control field | 240206b ||||| |||| 00| 0 eng d |
| 040 ## - CATALOGING SOURCE | |
| Transcribing agency | 0 |
| 082 ## - DEWEY DECIMAL CLASSIFICATION NUMBER | |
| Classification number | DPer 621.381 In821 April 2022 v. 37 n. 4 |
| 100 ## - MAIN ENTRY--PERSONAL NAME | |
| Personal name | Xu, Jingtao. |
| Relator term | author. |
| 9 (RLIN) | 51511 |
| 245 ## - TITLE STATEMENT | |
| Title | Coupled inductor based bidirectional resonant converter with sine wave modulation in wide voltage range / |
| Statement of responsibility, etc. | Jingtao Xu, Yao Sun, Guo Xu, and Mei Su. |
| 260 ## - PUBLICATION, DISTRIBUTION, ETC. (IMPRINT) | |
| Place of publication, distribution, etc. | New York ; |
| Name of publisher, distributor, etc. | The Institute of Electrical and Electronics Engineers, Inc. , |
| Date of publication, distribution, etc. | April 2022. |
| 300 ## - PHYSICAL DESCRIPTION | |
| Extent | Volume 37, pages 3713-3718 : |
| Other physical details | illustration ; |
| Dimensions | 28 cm. |
| 500 ## - GENERAL NOTE | |
| General note | IEEE Transactions on Power Electronics, vol. 37, no. 4, pages 3713-3718, April 2022. |
| 700 ## - ADDED ENTRY--PERSONAL NAME | |
| Personal name | Xu, Jingtao. |
| Relator term | author. |
| 9 (RLIN) | 51511 |
| 700 ## - ADDED ENTRY--PERSONAL NAME | |
| Personal name | Sun, Yao. |
| Relator term | author. |
| 9 (RLIN) | 51512 |
| 700 ## - ADDED ENTRY--PERSONAL NAME | |
| Personal name | Xu, Guo. |
| Relator term | author. |
| 9 (RLIN) | 51513 |
| 700 ## - ADDED ENTRY--PERSONAL NAME | |
| Personal name | Su, Mei. |
| Relator term | author. |
| 9 (RLIN) | 51514 |
| 942 ## - ADDED ENTRY ELEMENTS (KOHA) | |
| Source of classification or shelving scheme | Dewey Decimal Classification |
| Koha item type | Periodicals |
| Withdrawn status | Lost status | Source of classification or shelving scheme | Damaged status | Not for loan | Collection code | Home library | Current library | Date acquired | Total Checkouts | Full call number | Date last seen | Price effective from | Koha item type | Public note |
|---|---|---|---|---|---|---|---|---|---|---|---|---|---|---|
| Dewey Decimal Classification | Periodicals | UM Digos College - LIC | UM Digos College - LIC | 02/06/2024 | DPer 621.381 In821 April 2022 v. 37 n. 4 | 02/06/2024 | 02/06/2024 | Periodicals | Periodical Article |
